Geography Ending in M, Starting with A-Z - Statistics

General Stats
  • This quiz has been taken 1,164 times
  • The average score is 12 of 24
Answer Stats
Letter Clue Answer % Correct
A Netherlands’ capital Amsterdam
99%
B Country in Western Europe Belgium
98%
S Capital of Sweden Stockholm
92%
V Southeast Asian country Vietnam
91%
U Country made up of England, Scotland, Wales and Northern Ireland United Kingdom
88%
J Considered to be a holy city for the three major Abrahamic religions Jerusalem
85%
R Major port city in the Dutch province of South Holland Rotterdam
81%
K Capital of Sudan Khartoum
79%
D A major city and commercial port in Tanzania Dar es Salaam
67%
N City in central England’s Midlands region Nottingham
64%
P Russian city close to the Ural Mountains, shares its name with a hairstyle Perm
52%
H City outside of Amsterdam in the northwest Netherlands Haarlem
48%
T The third most populous municipality in Norway Trondheim
47%
M City in southwest Germany, on the Rhine and Neckar rivers Mannheim
40%
F Area of the London Borough of Hammersmith & ... Fulham
39%
Q Is the seventh largest metropolis and also the seventh largest city in Iran Qom
37%
O Large town in Greater Manchester, England Oldham
34%
C Historically refers to the Christian states, Christian Empires Christendom
28%
L Region of central western Italy in which the city of Rome was founded Latium
16%
E Ancient civilization centred in the far west and southwest of modern-day Iran Elam
7%
Y Market town and civil parish in the Borough of Stockton-on-Tees Yarm
7%
G Remote group of peaks situated at the north-eastern end of the Baltoro Glacier Gasherbrum
3%
W Second-largest city in the Free State province of South Africa Welkom
3%
I Kurdish city and capital of its province Ilam
1%
No matching quizzes found
Score Distribution
Percent of People with Each Score
Percentile by Number Answered
Your Score History
You have not taken this quiz